000 00945nas a2200277 4500
001 BR2011006768
003 BR-BrBNA
005 20231205120011.0
007 ta
008 230509b bl.|||p| |||| 00| 00por d
040 _aBR-BrBNA
_bpor
_cBiblioteca Nacional de Agricultura
041 _a(En)
072 _aF04
100 1 _aSobral, L.F.
100 1 _aCintra, F.L.D.
100 1 _aSmyth, J.T.
245 1 _aLime and gypsum to improve root depth of orange crop in an Ultisol of the Coastal Tablelands
650 _aMANEJO DO SOLO
650 _aCALAGEM
650 _aHORIZONTE
650 _aRAIZ
773 0 _tRevista Brasileira de Engenharia Agrícola e Ambiental (Brazil)
_xISSN 1807-1929
_g(2009), v.13(Suplemento) p. 836-839
_wBR2011006768
856 4 0 _uhttp://www.scielo.br/scielo.php?script=sci_arttext pid=S1415-43662009000700004 lng=en nrm=iso tlng=pt
909 _a202311
_bLúcia
_c55
_dLúcia Elande
942 _2AGRIS
_n0
_cANA
999 _c216629
_d216629